Fundamentals of corporate finance (Record no. 612471)
[ view plain ]
| 000 -LEADER | |
|---|---|
| fixed length control field | 00368nam a22001457a 4500 |
| 020 ## - INTERNATIONAL STANDARD BOOK NUMBER | |
| International Standard Book Number | 9780256184075 |
| 040 ## - CATALOGING SOURCE | |
| Transcribing agency | Nust |
| 082 ## - DEWEY DECIMAL CLASSIFICATION NUMBER | |
| Classification number | 658.15 |
| Author Mark | ROS |
| 100 ## - MAIN ENTRY--PERSONAL NAME | |
| Personal name | ROSS |
| 9 (RLIN) | 127312 |
| 245 ## - TITLE STATEMENT | |
| Title | Fundamentals of corporate finance |
| 250 ## - EDITION STATEMENT | |
| Edition statement | 3rs Edition |
| 260 ## - PUBLICATION, DISTRIBUTION, ETC. | |
| Place of publication, distribution, etc. | Chicago: |
| Name of publisher, distributor, etc. | IRWIN, |
| Date of publication, distribution, etc. | 1995. |
| 650 ## - SUBJECT ADDED ENTRY--TOPICAL TERM | |
| Topical term or geographic name entry element | Fundamentals of corporate finance |
| 9 (RLIN) | 127313 |
| 942 ## - ADDED ENTRY ELEMENTS (KOHA) | |
| Source of classification or shelving scheme | |
| Koha item type | Book |
| Withdrawn status | Lost status | Source of classification or shelving scheme | Damaged status | Not for loan | Permanent Location | Current Location | Shelving location | Date acquired | Total Checkouts | Full call number | Barcode | Date last seen | Price effective from | Koha item type |
|---|---|---|---|---|---|---|---|---|---|---|---|---|---|---|
| College of Electrical & Mechanical Engineering (CEME) | College of Electrical & Mechanical Engineering (CEME) | General Stacks | 01/01/2025 | 658.15 ROS | CEME- 32963 | 01/01/2025 | 01/01/2025 | Book |
